| 000 | 00494nam a2200181Ia 4500 | ||
|---|---|---|---|
| 003 | OSt | ||
| 005 | 20260119150824.0 | ||
| 008 | 210210b1947 xxu||||| |||| 00| 0 eng d | ||
| 040 | _cAL | ||
| 041 | _aKannada | ||
| 082 | _a859/234 | ||
| 100 |
_aINAMDAR (V M) _985023 _dಇನಾಂದಾರ್ (ವಿ.ಎಂ). |
||
| 245 |
_aKanasina mane _b ಕನಸಿನ ಮನೆ |
||
| 260 |
_aMaisuru _bUsha Sahitya Male _c1947 |
||
| 690 |
_aKannada Fiction _985024 |
||
| 906 | _a021008 | ||
| 942 |
_2ddc _cBK |
||
| 999 |
_c145170 _d145170 |
||